000
00352 a2200169 4500
001
68907
020
_a
8532259081
040
_c
Anchieta - Itaigara
100
_a
Morales, Yuyi
240
1
0
_a
Só um minutinho
_l
por
245
1
0
_a
Só um minutinho
300
_a
31
362
0
_a
2006
440
1
_a
FTD
650
4
_a
Literatura infantil
942
_c
BK
999
_c
68907
_d
68907